Von der erbaw=||ung des gewissens/ zům || anfange vnd zůnem=||men des Glaub=||ens/ vnd eines || Gottsäli=||gen Christlichen lebens.|| Ein kurtzer vn=||derricht für die einfältigen.|| Caspar Schwenckfeld.||
| Subtitles: | Von der erbaw=||ung des gewissens/ zům || anfange vnd zůnem=||men des Glaub=||ens/ vnd eines || Gottsaͤli=||gen Christlichen lebens.|| Ein kurtzer vn=||derricht für die einfaͤltigen.|| Caspar Schwenckfeld.|| Von der erbawung des gewissens zum anfange und zunemmen des Glaubens und eines Gottsäligen Christlichen lebens Von der erbawung des gewissens zům anfange vnd zůnemmen des Glaubens vnd eines Gottsaeligen Christlichen lebens. Ein kurtzer vnderricht für die einfaeltigen. Caspar Schwenckfeld |
|---|---|
| Main Author: | |
| Contributors: | ; ; |
| Format: | Electronic Book |
| Language: | German |
| Check availability: | HBZ Gateway |
| WorldCat: | WorldCat |
| Interlibrary Loan: | Interlibrary Loan for the Fachinformationsdienste (Specialized Information Services in Germany) |
| Published: |
Straßburg
Frölich
1534
|
| In: | Year: 1534 |
| Standardized Subjects / Keyword chains: | B
Online resource
/ Theology
/ Church history studies
|
| Further subjects: | B
Devotional literature
|
| Online Access: |
Volltext (kostenfrei) Volltext (kostenfrei) |
| Rights Information: | PDM 1.0 |
| Parallel Edition: | Non-electronic
|
| Sammlungen: |
MARC
| LEADER | 00000cam a2200000 c 4500 | ||
|---|---|---|---|
| 001 | 1022358057 | ||
| 003 | DE-627 | ||
| 005 | 20260402102829.0 | ||
| 007 | cr c|||||m|aap | ||
| 008 | 180517s1534 gw |||||o 00| ||ger c | ||
| 024 | 7 | |a urn:nbn:de:urmel-d4517610-109d-4e8a-9bee-95960cbcc83e8 |2 urn | |
| 024 | 7 | |a VD16 S 5044 |2 vd16 | |
| 026 | |e b-nd rten t,et vnsi C 1534R |2 fei | ||
| 035 | |a (DE-627)1022358057 | ||
| 035 | |a (DE-599)GBV1022358057 | ||
| 035 | |a (OCoLC)1035835677 | ||
| 040 | |a DE-627 |b ger |c DE-627 |e rakwb | ||
| 041 | |a ger | ||
| 044 | |c XA-DE-TH | ||
| 084 | |a 1 |2 ssgn | ||
| 084 | |a 11.58 |2 bkl | ||
| 100 | 1 | |0 (DE-588)118612190 |0 (DE-627)137074182 |0 (DE-576)166381225 |4 aut |a Schwenckfeld, Caspar |d 1489-1561 | |
| 109 | |a Schwenckveld, Kaspar 1489-1561 |a Schwenckfelt, Kaspar von 1489-1561 |a Schwengkfeldt, Kaspar 1489-1561 |a Schwenckfelth, Kaspar 1489-1561 |a Schwenckfeldt, Kaspar 1489-1561 |a Schwengfeld, Caspar 1489-1561 |a Schwenkfeld, Caspar von 1489-1561 |a Schwenkfeldt, Caspar 1489-1561 |a Schwenckfeld, Caspar von 1489-1561 |a Sarmentarius, Ruffus 1489-1561 |a Schwenckfeldt, Caspar 1489-1561 |a Sarmentarius, Rufus 1489-1561 |a Greysenecker, Caspar 1489-1561 |a Schwenckfeld, Caspar 1489-1561 |a C. S. 1489-1561 |a Gryseneggerus, Casparus 1489-1561 |a Schwenkfeld von Ossig, Kaspar 1489-1561 |a Schvencfeldius, Chaspar 1489-1561 |a Schwenkfeld, Caspar 1489-1561 |a Schwenckfeldius, Caspar 1489-1561 |a Gryseneggerus, Kaspar 1489-1561 |a Schwenckfeld, Kaspar aus Ossig 1489-1561 |a Schwenkfeld, Kaspar von 1489-1561 |a Schuencfeldius, Chaspar 1489-1561 |a Schwenckfeldt, Casparus 1489-1561 |a Greysenecker, Kaspar 1489-1561 |a Schwenckfelt von Ossing, Caspar 1489-1561 |a Schwenkfeld, Kaspar 1489-1561 |a Schwenckfeld, Kaspar von 1489-1561 |a Schwenckfeld, Kaspar 1489-1561 |a Schwenkfelder, Caspar 1489-1561 |a Schwenckfelt, Casparus 1489-1561 |a Schvvenckfeldius, Caspar 1489-1561 |a Ossing, Caspar Schwenkfeld von 1489-1561 |a Suuenckfeldius, Caspar 1489-1561 |a Schwenckfelder, Caspar 1489-1561 |a Grysenegger, Caspar 1489-1561 |a Greysenegger, Caspar 1489-1561 |a Suencfeldius, Caspar 1489-1561 |a Swenckfeld, Kaspar 1489-1561 |a Ossig, Caspar Schwenckfeld von 1489-1561 |a Schwenkfeld von Ossing, Caspar 1489-1561 |a Schwenckfeld von Ossig, Caspar 1489-1561 |a Suenckfeldius, Chaspar 1489-1561 |a Schwenckfelt, Caspar 1489-1561 | ||
| 245 | 1 | 0 | |a Von der erbaw=||ung des gewissens/ zům || anfange vnd zůnem=||men des Glaub=||ens/ vnd eines || Gottsäli=||gen Christlichen lebens.|| Ein kurtzer vn=||derricht für die einfältigen.|| Caspar Schwenckfeld.|| |
| 246 | 1 | |i Ansetzungssachtitel |a Von der erbawung des gewissens zum anfange und zunemmen des Glaubens und eines Gottsäligen Christlichen lebens | |
| 246 | 3 | 0 | |a Erbauung Anfang gottleligen kurzer Unterricht Einfeltigen |
| 246 | 3 | 3 | |a Von der erbawung des gewissens zům anfange vnd zůnemmen des Glaubens vnd eines Gottsaeligen Christlichen lebens. Ein kurtzer vnderricht für die einfaeltigen. Caspar Schwenckfeld. |
| 246 | 3 | 3 | |a Von der erbaw=||ung des gewissens/ zům || anfange vnd zůnem=||men des Glaub=||ens/ vnd eines || Gottsaͤli=||gen Christlichen lebens.|| Ein kurtzer vn=||derricht für die einfaͤltigen.|| Caspar Schwenckfeld.|| |
| 256 | |a TIFF, Vers.6.0, 300 dpi, 24 bit (farbig); Digitalisierungsvorlage: Primärausgabe | ||
| 264 | 1 | |a Straßburg |b Frölich |c 1534 | |
| 300 | |a Online-Ressource ([20] Bl.) |b Titeleinfassung, Ill. (Holzschn.) |c 4° | ||
| 336 | |a Text |b txt |2 rdacontent | ||
| 337 | |a Computermedien |b c |2 rdamedia | ||
| 338 | |a Online-Ressource |b cr |2 rdacarrier | ||
| 506 | 0 | |q DE-39 |a Open Access |e Controlled Vocabulary for Access Rights |u http://purl.org/coar/access_right/c_abf2 | |
| 533 | |a Online-Ausg. |b Gotha |c UFB Erfurt/Gotha |d 2018 |e Online-Ressource |f VD16 digital |7 |2018|||||||||| | ||
| 535 | 1 | |a UFB Erfurt/Gotha, FB Gotha |3 Theol 4° 00235 (17) | |
| 540 | |q DE-39 |a Public Domain Mark 1.0 |f PDM 1.0 |2 cc |u https://creativecommons.org/publicdomain/mark/1.0/ | ||
| 583 | 1 | |a Archivierung/Langzeitarchivierung gewährleistet |k DE-27 |x XA-DE-TH |2 pdager |5 DE-39 | |
| 601 | |a Einfalt | ||
| 601 | |a Schwenckfeld, Caspar | ||
| 601 | |a Schwenckfelder | ||
| 655 | 7 | |a Erbauungsliteratur |0 (DE-627)096631325 |2 local | |
| 689 | 0 | 0 | |d s |0 (DE-588)4511937-5 |0 (DE-627)248012134 |0 (DE-576)213199033 |2 gnd |a Online-Ressource |
| 689 | 0 | 1 | |d s |0 (DE-588)4059758-1 |0 (DE-627)104131446 |0 (DE-576)209132159 |2 gnd |a Theologie |
| 689 | 0 | 2 | |d s |0 (DE-588)4030720-7 |0 (DE-627)104814403 |0 (DE-576)208988815 |2 gnd |a Kirchengeschichte |
| 689 | 0 | |5 (DE-627) | |
| 700 | 1 | |e Widmungsempfänger |0 (DE-588)117360139 |0 (DE-627)693957344 |0 (DE-576)291326978 |4 oth |a Thumb von Neuburg, Hans Konrad |d -1555 | |
| 700 | 1 | |e Widmungsempfänger |0 (DE-588)115971794X |0 (DE-627)1022356585 |0 (DE-576)50525431X |4 oth |a Thumb von Neuburg, Hans Friedrich |d -1551 | |
| 700 | 1 | |0 (DE-588)119678225 |0 (DE-627)539138738 |0 (DE-576)291829880 |4 prt |a Frölich, Jakob |d -1557 | |
| 751 | |a Straßburg |4 pup | ||
| 776 | 0 | 8 | |i Elektronische Reproduktion von |a Schwenckfeld, Caspar, 1489 - 1561 |t Von der erbawung des gewissens zum anfange und zunemmen des Glaubens und eines Gottsäligen Christlichen lebens |d Straßburg : Frölich, Jakob, 1534 |h [20] Bl. |w (DE-627)567468313 |w (DE-576)9567468311 |n UFB Erfurt/Gotha, FB Gotha -- Theol 4° 00235 (17) |k Non-Electronic |
| 856 | 4 | 0 | |u https://archive.thulb.uni-jena.de/ufb/receive/ufb_cbu_00011594 |x Verlag |y Digitale Historische Bibliothek |z kostenfrei |3 Volltext |7 0 |
| 856 | 4 | 0 | |u https://nbn-resolving.org/urn:nbn:de:urmel-d4517610-109d-4e8a-9bee-95960cbcc83e8 |x Resolving-System |z kostenfrei |3 Volltext |7 0 |
| 935 | |a FBGO |a mteo | ||
| 936 | b | k | |a 11.58 |j Sonstige christliche Gemeinschaften |q ARK |0 (DE-627)106419684 |
| 951 | |a BO | ||
| ELC | |a 1 | ||
| LOK | |0 000 xxxxxcx a22 zn 4500 | ||
| LOK | |0 001 4555834011 | ||
| LOK | |0 003 DE-627 | ||
| LOK | |0 004 1022358057 | ||
| LOK | |0 005 20260402102158 | ||
| LOK | |0 008 240723||||||||||||||||ger||||||| | ||
| LOK | |0 040 |a DE-Tue135 |c DE-627 |d DE-Tue135 | ||
| LOK | |0 092 |o n | ||
| LOK | |0 852 |a DE-Tue135 | ||
| LOK | |0 852 1 |9 00 | ||
| LOK | |0 866 |x SPQUE#Forschungsbibliothek Gotha#SPSAM#Herzogliche Sammlung (Theologie)#SPSYS#03 Theologie | ||
| LOK | |0 866 |x SPQUE#Forschungsbibliothek Gotha#SPSAM#Bestand Theologie (bis 2024-03) | ||
| LOK | |0 866 |x SPQUE#VD (Historische deutsche Nationalbibliographie)#SPSAM#VD16 | ||
| LOK | |0 935 |a FBGO |a gohs |a goth |a ixvd |a ixv6 | ||
| LOK | |0 939 |a 2024-07-23 |b l01 | ||
| OAS | |a 1 | ||
| ORI | |a TA-MARC-ixtheoa001.raw | ||
| STA | 0 | 0 | |a Church history studies,Church,Church history,Church history,Online resource,Theology,Theology |
| STB | 0 | 0 | |a Histoire de l’Église,Histoire de l’Église,Histoire du christianisme (discipline),Histoire du christianisme,Ressources en ligne,Théologie,Théologie |
| STC | 0 | 0 | |a Historia eclesiástica,Historia eclesiástica,Historia eclesiástica,Recurso en línea,Teología,Teología |
| STD | 0 | 0 | |a Risorsa online,Storia della Chiesa,Storia della Chiesa,Teologia,Teologia |
| STE | 0 | 0 | |a 教会历史研究,教会,神学家 |
| STF | 0 | 0 | |a 教會歷史研究,教會,神學家 |
| STG | 0 | 0 | |a História eclesiástica,História eclesiástica,Recurso online,Teologia,Teologia |
| STH | 0 | 0 | |a Богословие (мотив),Богословие,История церкви (дисциплина),История церкви,Онлайн-ресурс |
| STI | 0 | 0 | |a Διαδικτυακός πόρος,Online πόρος,Εκκλησιαστική Ιστορία (μάθημα),Εκκλησιαστική Ιστορία,Θεολογία (μοτίβο),Θεολογία |
| SYG | 0 | 0 | |a Netzpublikation,Online-Publikation,Computerdatei im Fernzugriff,Online-Dokument,On-line-Dokument,On-line-Publikation , Christliche Theologie , Kirche |